Organisationsplan der Kommission der Europäischen Gemeinschaften Januar 1984

Enregistré dans:
Détails bibliographiques
Format: Livre
Langue:allemand
Publié: Bruxelles Kommission der Europäischen Gemeinschaften 1984
Tags: Ajouter un tag
Pas de tags, Soyez le premier à ajouter un tag!

MARC

LEADER 00000nam a2200000 4500
001 c116120
005 20041019155203.7
041 0 |a ger 
044 |a BE 
245 1 0 |a Organisationsplan der Kommission der Europäischen Gemeinschaften  |b Januar 1984 
264 1 |a Bruxelles  |b Kommission der Europäischen Gemeinschaften  |c 1984 
300 |a 109 s.